[Event "Hoogeveen Amateurs op 25th"]
[Site "Hoogeveen"]
[Date "2022.10.15"]
[Round "1"]
[White "De Vreeze, Frans"]
[Black "Bottema, Mila"]
[Result "1-0"]
[WhiteElo "1685"]
[BlackElo "1041"]
[PlyCount "61"]
[EventDate "2022.10.15"]
[EventType "swiss"]
[EventRounds "7"]
[EventCountry "NED"]
[SourceTitle "CBM 210 Extra"]
[Source "ChessBase"]
[SourceDate "2022.11.30"]
[SourceVersion "1"]
[SourceVersionDate "2022.11.30"]
[SourceQuality "1"]

1. d4 e6 2. Nf3 d5 3. e3 a6 4. Bd3 c5 5. c3 cxd4 6. exd4 h6 7. 0-0 Ne7 8. Bf4 Ng6 9. Bxg6 fxg6 10. Qc2 Qf6 11. Be5 Qf5 12. Qb3 Nd7 13. Nbd2 Nf6 14. c4 Be7 15. cxd5 exd5 16. Bg3 0-0 17. Rae1 Qd7 18. Ne5 Qe8 19. Ndf3 b5 20. Rc1 Bb7 21. Nh4 Rc8 22. Nhxg6 Rxc1 23. Rxc1 Ne4 24. Nxf8 Bxf8 25. Qf3 Nf6 26. Bh4 Be7 27. Qf5 b4 28. Qe6+ Kh8 29. Rc7 Qa4 30. Rc1 Bd8 31. Nf7+ 1-0